[Event "CYCC U16"]
[Site "Calgary CAN"]
[Date "2023.07.20"]
[Round "3.17"]
[White "Liu, Henry"]
[Black "Huang, Youhe"]
[Result "1/2-1/2"]
[WhiteElo "2180"]
[BlackElo "2285"]
[PlyCount "116"]
[EventDate "2023.07.19"]
[EventType "swiss"]
[EventRounds "7"]
[EventCountry "CAN"]

1. d4 d5 2. Bf4 c5 3. Nc3 Nc6 4. e4 cxd4 5. exd5 e5 6. dxc6 exf4 7. cxb7 Qe7+
8. Nge2 Bxb7 9. Qxd4 Rd8 10. Qa4+ Qd7 11. Qxd7+ Rxd7 12. Nxf4 g5 13. Nd3 Re7+
14. Be2 Bg7 15. f3 Nh6 16. Kd2 O-O 17. Rhe1 Rc8 18. Nb5 Nf5 19. Nxa7 Ra8 20.
Nb5 Ne3 21. Nd6 Ra6 22. Bd1 Bd4 23. c3 Ba7 24. Nxb7 Nc4+ 25. Kc2 Rxb7 26. Re4
Ne3+ 27. Kd2 Rd6 28. b3 Rbd7 29. Be2 Nxg2 30. Rd1 f5 31. Rc4 Kg7 32. Kc1 Kf6
33. Ra4 Be3+ 34. Kb2 Nf4 35. Nxf4 Rd2+ 36. Ka3 Bxf4 37. Ra6+ Ke5 38. Bc4 Bxh2
39. Rf1 Kf4 40. Kb4 h5 41. a4 h4 42. a5 Rd1 43. Rh6 Rxf1 44. Bxf1 Kxf3 45. a6
Bg1 46. Ka5 Rd1 47. Bb5 Kg3 48. b4 f4 49. c4 Ra1+ 50. Ba4 f3 51. Rf6 h3 52. c5
Bxc5 53. bxc5 h2 54. Rxf3+ Kh4 55. a7 h1=Q 56. a8=Q Qe1+ 57. Kb5 Qb1+ 58. Ka5
Qe1+ 1/2-1/2

[Event "CYCC U16"]
[Site "Calgary CAN"]
[Date "2023.07.20"]
[Round "3.18"]
[White "Song, Ethan"]
[Black "Sharma, Vishruth"]
[Result "1-0"]
[WhiteElo "2255"]
[BlackElo "2198"]
[PlyCount "79"]
[EventDate "2023.07.19"]
[EventType "swiss"]
[EventRounds "7"]
[EventCountry "CAN"]

1. d4 Nf6 2. c4 d6 3. Nc3 Nbd7 4. e4 e5 5. Nf3 g6 6. Be2 Bg7 7. O-O O-O 8. Be3
Re8 9. Qc2 h6 10. dxe5 dxe5 11. Rad1 c6 12. Nd2 Qe7 13. a3 Nc5 14. Na4 Nxa4 15.
Qxa4 Ng4 16. Bxg4 Bxg4 17. f3 Be6 18. c5 Bf8 19. Nc4 b5 20. cxb6 axb6 21. Qc2
Bxc4 22. Qxc4 Qb7 23. f4 b5 24. Qc2 Ra4 25. f5 g5 26. f6 Rc4 27. Qb1 b4 28. b3
Rc3 29. Bd2 Rc5 30. Bxb4 Rb5 31. Bxf8 Rxb3 32. Qc2 Rxf8 33. Qe2 Qa7+ 34. Kh1
Rxa3 35. Qh5 Kh7 36. Rf5 Ra1 37. Rxg5 Rxd1+ 38. Qxd1 hxg5 39. Qh5+ Kg8 40.
Qxg5+ 1-0

[Event "CYCC U16"]
[Site "Calgary CAN"]
[Date "2023.07.20"]
[Round "3.19"]
[White "Ajith, Aayush"]
[Black "Jiang, Kate"]
[Result "0-1"]
[WhiteElo "2139"]
[BlackElo "2214"]
[PlyCount "112"]
[EventDate "2023.07.19"]
[EventType "swiss"]
[EventRounds "7"]
[EventCountry "CAN"]

1. d4 d5 2. c4 c6 3. Nc3 Nf6 4. e3 e6 5. Nf3 Nbd7 6. Qc2 Bd6 7. Bd2 O-O 8. e4
dxe4 9. Nxe4 Nxe4 10. Qxe4 Nf6 11. Qh4 Re8 12. O-O-O h6 13. Bd3 Be7 14. Qg3 Nh5
15. Qh3 Nf6 16. Bxh6 gxh6 17. g4 Nh7 18. Rhf1 Kg7 19. Bxh7 Kxh7 20. Ne5 Bf8 21.
Nxf7 Qf6 22. Ne5 Qf4+ 23. Kb1 Bg7 24. Qd3+ Kg8 25. Rg1 Rd8 26. Qg6 Qf6 27. Qe4
Rf8 28. Ng6 Rd8 29. Ne5 Bd7 30. f4 Qf8 31. g5 h5 32. Ng6 Qf7 33. Rge1 Re8 34.
Nh4 c5 35. dxc5 Bc6 36. Qe3 Rf8 37. Rf1 Rad8 38. Rd6 e5 39. f5 Qxc4 40. Qb3
Be4+ 41. Ka1 Qxb3 42. axb3 Rxd6 43. cxd6 Rd8 44. Rd1 Bf8 45. d7 Bc6 46. Re1 e4
47. f6 Rxd7 48. g6 Rd5 49. Rf1 Bb5 50. Rf5 Rxf5 51. Nxf5 Bd7 52. Ng3 e3 53. Kb1
h4 54. Ne2 Bf5+ 55. Kc1 Bxg6 56. Kd1 Bh5 0-1

[Event "CYCC U16"]
[Site "Calgary CAN"]
[Date "2023.07.20"]
[Round "3.20"]
[White "Lin, Leo"]
[Black "He, Matthew"]
[Result "1-0"]
[WhiteElo "2212"]
[BlackElo "2140"]
[PlyCount "177"]
[EventDate "2023.07.19"]
[EventType "swiss"]
[EventRounds "7"]
[EventCountry "CAN"]

1. e4 c6 2. d4 d5 3. exd5 cxd5 4. Nf3 Nf6 5. Ne5 Nc6 6. Bb5 Bd7 7. Nxd7 Qxd7 8.
c3 e6 9. O-O Bd6 10. Nd2 a6 11. Bd3 O-O 12. Re1 b5 13. a3 Qc7 14. g3 e5 15.
dxe5 Nxe5 16. Nf3 Nxd3 17. Qxd3 Qc4 18. Rd1 Ne4 19. Be3 Rfe8 20. Qxd5 Qc7 21.
Ng5 Nxg5 22. Bxg5 Bc5 23. Re1 Qb6 24. Be3 Bxe3 25. Rxe3 Red8 26. Qf3 Ra7 27.
Rae1 Kf8 28. Qh5 h6 29. Qe5 Kg8 30. Qf5 Qc6 31. Re5 g6 32. Qf4 Kg7 33. h4 Qf6
34. Qe3 Rad7 35. h5 Rd3 36. Qe4 Rd2 37. Re2 Rd1+ 38. Kg2 R8d2 39. hxg6 Qxg6 40.
Qxg6+ Kxg6 41. Kf3 Rd6 42. g4 R1d3+ 43. Kg2 Rd1 44. f4 Rb1 45. Rc5 Rf6 46. Rf2
Rd6 47. Re5 Rdd1 48. Ree2 Rg1+ 49. Kf3 Rbd1 50. Rd2 Kf6 51. Rxd1 Rxd1 52. Rh2
Kg6 53. f5+ Kg7 54. Kf4 Rg1 55. Rd2 Re1 56. Rd6 Rb1 57. b4 Rb3 58. Rxa6 Rxc3
59. Ra5 Kf6 60. Ra6+ Kg7 61. Ke5 Rg3 62. Ra5 Rxg4 63. Rxb5 Rg3 64. a4 Ra3 65.
a5 h5 66. Rc5 h4 67. Rc4 h3 68. Rh4 Rb3 69. Kd5 Kf6 70. Kc4 Ra3 71. Rh5 Ke5 72.
Kc5 Kf4 73. f6 Kg4 74. Rh7 Kg5 75. Rxf7 Kg6 76. Rg7+ Kxf6 77. Rh7 Ke6 78. Kb6
Kd5 79. b5 Rg3 80. a6 Rg6+ 81. Kb7 Kc5 82. Rh5+ Kb4 83. a7 Rg7+ 84. Ka6 Rg8 85.
b6 Rf8 86. Rh4+ Kc5 87. b7 Rf6+ 88. Ka5 Rf2 89. a8=Q 1-0

[Event "CYCC U16"]
[Site "Calgary CAN"]
[Date "2023.07.20"]
[Round "3.21"]
[White "Xu, Andrew"]
[Black "Su, Ethan"]
[Result "1-0"]
[WhiteElo "1965"]
[BlackElo "2071"]
[PlyCount "71"]
[EventDate "2023.07.19"]
[EventType "swiss"]
[EventRounds "7"]
[EventCountry "CAN"]

1. e4 c5 2. Nf3 d6 3. Bb5+ Bd7 4. Bxd7+ Nxd7 5. c4 Ngf6 6. Nc3 e6 7. Qe2 Be7 8.
d4 cxd4 9. Nxd4 O-O 10. O-O a6 11. b3 Rc8 12. Bb2 Ne5 13. Rad1 Qc7 14. Rfe1
Rfd8 15. f4 Nc6 16. Nxc6 bxc6 17. Kh1 Qa5 18. e5 Ne8 19. Na4 d5 20. Bd4 c5 21.
Bc3 Qc7 22. cxd5 exd5 23. Qxa6 Ra8 24. Qe2 d4 25. Bb2 g6 26. Qc4 Ra7 27. Ba3
Rc8 28. Rc1 Ra5 29. Red1 Bd8 30. Bxc5 Qb7 31. Qxd4 Ng7 32. Qxd8+ Rxd8 33. Rxd8+
Ne8 34. Rxe8+ Kg7 35. Bf8+ Kg8 36. Bh6# 1-0

[Event "CYCC U16"]
[Site "Calgary CAN"]
[Date "2023.07.20"]
[Round "3.22"]
[White "Valavan, Aaryan"]
[Black "Prasanna, Shreyas"]
[Result "0-1"]
[WhiteElo "1157"]
[BlackElo "1874"]
[PlyCount "54"]
[EventDate "2023.07.19"]
[EventType "swiss"]
[EventRounds "7"]
[EventCountry "CAN"]

1. g3 d5 2. Bg2 e5 3. d3 Be6 4. Nf3 Nd7 5. Nc3 h6 6. a3 Ngf6 7. O-O c6 8. Re1
Bc5 9. e4 Ng4 10. d4 exd4 11. Nxd4 Nxf2 12. Kxf2 Qf6+ 13. Bf3 Bxd4+ 14. Be3
Bxc3 15. bxc3 dxe4 16. Bd4 Qxf3+ 17. Qxf3 exf3 18. Bxg7 Rg8 19. Bxh6 Rh8 20.
Bg5 Rxh2+ 21. Kxf3 Rxc2 22. Rh1 Bd5+ 23. Kf4 Bxh1 24. Re1+ Kf8 25. Rxh1 Kg7 26.
Rd1 Nf6 27. Kf5 Rf2+ 0-1

[Event "CYCC U16"]
[Site "Calgary CAN"]
[Date "2023.07.20"]
[Round "3.23"]
[White "Berube, Maximilien"]
[Black "Yang, Ernst"]
[Result "1-0"]
[WhiteElo "1832"]
[BlackElo "1220"]
[PlyCount "85"]
[EventDate "2023.07.19"]
[EventType "swiss"]
[EventRounds "7"]
[EventCountry "CAN"]

1. c4 e6 2. g3 c5 3. Nf3 Nc6 4. Bg2 Nf6 5. O-O Be7 6. Nc3 d5 7. cxd5 exd5 8. d4
O-O 9. dxc5 h6 10. Nd4 Bxc5 11. Nb3 Bb6 12. Nxd5 Nxd5 13. Qxd5 Qf6 14. Qf3 Qg6
15. Qf4 Bg4 16. e4 f5 17. e5 Bc7 18. Qc4+ Kh8 19. f4 Qh5 20. Re1 Rac8 21. Be3
Bxe5 22. fxe5 Nxe5 23. Qf1 Rc2 24. Nd4 Rxb2 25. Bc1 Rb4 26. Rxe5 Rxd4 27. Be3
Rd7 28. Bxa7 Rfd8 29. h3 Rd1 30. Rxd1 Rxd1 31. Re1 Be2 32. Qf2 Rxe1+ 33. Qxe1
Bf3 34. Qf2 Bxg2 35. Kxg2 Qg6 36. Bd4 Kh7 37. Qc2 Qe6 38. Kh2 Kg8 39. Qb3 Qxb3
40. axb3 Kf7 41. Kg2 Ke6 42. Bxg7 h5 43. Kf3 1-0

[Event "CYCC U16"]
[Site "Calgary CAN"]
[Date "2023.07.20"]
[Round "3.24"]
[White "Sura, Aditya"]
[Black "Srinivas, Atharva"]
[Result "0-1"]
[WhiteElo "1096"]
[BlackElo "1791"]
[PlyCount "96"]
[EventDate "2023.07.19"]
[EventType "swiss"]
[EventRounds "7"]
[EventCountry "CAN"]

1. e4 e5 2. Nf3 Nc6 3. Bb5 a6 4. Ba4 Nf6 5. O-O b5 6. Bb3 Be7 7. Re1 d6 8. c3
O-O 9. d3 Na5 10. Bc2 c5 11. Nbd2 Qc7 12. Nf1 Bd7 13. Ng3 Rfc8 14. h3 c4 15. d4
Nc6 16. Bg5 h6 17. Be3 exd4 18. Nxd4 d5 19. Nxc6 Bxc6 20. e5 Nh7 21. Bd4 Bd7
22. Nf5 Bc5 23. Bxc5 Qxc5 24. Qg4 Bxf5 25. Qxf5 Nf8 26. Re3 d4 27. cxd4 Qxd4
28. Rc3 Rc5 29. Rf3 Ra7 30. Rd1 Qxe5 31. Rd8 Qxf5 32. Rxf5 Rxf5 33. Bxf5 g6 34.
Be4 Re7 35. f3 Rd7 36. Rxd7 Nxd7 37. Kf2 Nc5 38. Ke3 Kf8 39. Kd4 Ne6+ 40. Ke5
Ke7 41. g4 Nc5 42. Kd4 Kd6 43. h4 Nxe4 44. fxe4 f6 45. b3 cxb3 46. axb3 a5 47.
Kd3 Ke5 48. Ke3 a4 0-1

[Event "CYCC U16"]
[Site "Calgary CAN"]
[Date "2023.07.20"]
[Round "3.25"]
[White "Dossa, Andre"]
[Black "Zhang, James"]
[Result "0-1"]
[WhiteElo "1050"]
[BlackElo "1742"]
[PlyCount "100"]
[EventDate "2023.07.19"]
[EventType "swiss"]
[EventRounds "7"]
[EventCountry "CAN"]

1. e4 c5 2. Nf3 d6 3. Bb5+ Bd7 4. Bxd7+ Qxd7 5. O-O Nc6 6. c3 Nf6 7. Re1 e6 8.
d4 cxd4 9. cxd4 d5 10. e5 Ne4 11. Nc3 Nxc3 12. bxc3 Na5 13. a4 Be7 14. Bg5 Rc8
15. Bxe7 Qxe7 16. Qd3 Nc4 17. Rab1 O-O 18. Nd2 b6 19. Rb4 Nxd2 20. Qxd2 Rc6 21.
Rc1 Rfc8 22. Qb2 Qc7 23. Rb3 Rc4 24. a5 h6 25. axb6 axb6 26. Rf1 Rxc3 27. Rxb6
Rc2 28. Qb4 Rc1 29. g3 Rxf1+ 30. Kxf1 Qc4+ 31. Kg2 Qc2 32. Rb8 Rxb8 33. Qxb8+
Kh7 34. Qa7 Qe4+ 35. Kg1 Qb1+ 36. Kg2 Kg6 37. Qa4 Kh5 38. Qa7 Qe4+ 39. Kg1 Qf3
40. Qe7 g5 41. h3 Kg6 42. Qd8 Kg7 43. Qe7 Qd1+ 44. Kg2 Qxd4 45. Qf6+ Kg8 46.
Qd8+ Kh7 47. Qe7 Qe4+ 48. Kf1 Qf5 49. g4 Qf4 50. Ke2 Qxe5+ 0-1

[Event "CYCC U16"]
[Site "Calgary CAN"]
[Date "2023.07.20"]
[Round "3.26"]
[White "Yang, Vincent"]
[Black "Ber, Sava"]
[Result "0-1"]
[WhiteElo "1670"]
[BlackElo "1179"]
[PlyCount "78"]
[EventDate "2023.07.19"]
[EventType "swiss"]
[EventRounds "7"]
[EventCountry "CAN"]

1. Nf3 c5 2. g3 Nc6 3. Bg2 g6 4. O-O e5 5. d3 Bg7 6. Bg5 Nge7 7. e4 Qb6 8. Qc1
d5 9. Nbd2 Be6 10. exd5 Nxd5 11. Nc4 Qc7 12. Bh6 f6 13. Bxg7 Qxg7 14. Nd6+ Kd8
15. Nd2 a6 16. N2c4 b5 17. Bxd5 Bxd5 18. Nb6 Rb8 19. Nxd5 Qd7 20. Nxf6 Qxd6 21.
Ne4 Qf8 22. f4 Nd4 23. Kg2 Qe7 24. c3 Nf5 25. Qd2 Qb7 26. Rae1 Kc7 27. fxe5
Rhe8 28. Qf4 Rbd8 29. Rf3 Kb6 30. Kh3 Qd5 31. g4 Ne7 32. Qf6+ Nc6 33. Ref1 Re6
34. Qf7 Nxe5 35. Qxh7 Nxf3 36. Rxf3 Qe5 37. Nf6 Rxf6 38. Rxf6+ Qxf6 39. Kg2 Re8
0-1

[Event "CYCC U16"]
[Site "Calgary CAN"]
[Date "2023.07.20"]
[Round "3.28"]
[White "Cheng, Adrien"]
[Black "Wambo-Becker, Gaddiel"]
[Result "1-0"]
[WhiteElo "1601"]
[BlackElo "955"]
[PlyCount "41"]
[EventDate "2023.07.19"]
[EventType "swiss"]
[EventRounds "7"]
[EventCountry "CAN"]

1. e4 c5 2. Nf3 Nc6 3. Bb5 e6 4. O-O Nge7 5. c3 a6 6. Bxc6 Nxc6 7. d4 cxd4 8.
cxd4 d5 9. exd5 exd5 10. Nc3 Be7 11. Be3 Be6 12. Qd2 h6 13. Ne5 Rc8 14. f4 Nxe5
15. fxe5 O-O 16. Rf3 Qd7 17. Bxh6 Bg4 18. Bxg7 Kxg7 19. Rg3 Bh4 20. Nxd5 Bxg3
21. Qg5+ 1-0

[Event "CYCC U16"]
[Site "Calgary CAN"]
[Date "2023.07.20"]
[Round "3.30"]
[White "Terance, Nitish"]
[Black "Wang, Patrick"]
[Result "0-1"]
[WhiteElo "1532"]
[BlackElo "903"]
[PlyCount "52"]
[EventDate "2023.07.19"]
[EventType "swiss"]
[EventRounds "7"]
[EventCountry "CAN"]

1. Nf3 d5 2. e3 Bg4 3. b3 c5 4. Bb2 Nc6 5. Bb5 e6 6. h3 Bh5 7. g4 Bg6 8. Ne5
Rc8 9. Nxg6 hxg6 10. d4 Qa5+ 11. Nc3 cxd4 12. Qxd4 Nf6 13. O-O-O Bb4 14. g5 Nh5
15. a4 O-O 16. Bxc6 Rxc6 17. Na2 Be7 18. Bc3 Qc7 19. h4 Rc8 20. Rd3 a6 21. Rdd1
b5 22. axb5 axb5 23. Rhe1 Qh2 24. Rf1 Qg2 25. Rde1 Bc5 26. Qe5 f6 0-1

[Event "CYCC U16"]
[Site "Calgary CAN"]
[Date "2023.07.20"]
[Round "3.34"]
[White "Thomas, Hudson"]
[Black "Mu, Shaunavon"]
[Result "1-0"]
[WhiteElo "1189"]
[BlackElo "1033"]
[PlyCount "71"]
[EventDate "2023.07.19"]
[EventType "swiss"]
[EventRounds "7"]
[EventCountry "CAN"]

1. e4 e6 2. d4 d5 3. Nd2 c5 4. Bb5+ Bd7 5. Bxd7+ Qxd7 6. c3 Nc6 7. Ngf3 cxd4 8.
cxd4 Bb4 9. e5 Nge7 10. O-O O-O 11. Nb3 Nf5 12. a3 Ba5 13. Nc5 Qc7 14. b4 Bb6
15. Be3 Bxc5 16. bxc5 Na5 17. Qd3 h6 18. g4 Ne7 19. g5 hxg5 20. Nxg5 Nf5 21.
Kh1 Qd7 22. Bd2 Nc4 23. Qh3 Rfc8 24. c6 Qxc6 25. Qh7+ Kf8 26. Bb4+ Ncd6 27.
exd6 Nxd6 28. Rac1 Qa6 29. Rxc8+ Ke7 30. Rcc1 Rc8 31. Qh3 Rd8 32. Bxd6+ Rxd6
33. Kg1 e5 34. dxe5 Rg6 35. Rc7+ Kd8 36. Qc8# 1-0

[Event "CYCC U16"]
[Site "Calgary CAN"]
[Date "2023.07.20"]
[Round "3.36"]
[White "Wright, Joshua"]
[Black "Offengenden, Ron"]
[Result "1-0"]
[WhiteElo "1137"]
[BlackElo "1812"]
[PlyCount "69"]
[EventDate "2023.07.19"]
[EventType "swiss"]
[EventRounds "7"]
[EventCountry "CAN"]

1. e4 e5 2. Nf3 Nc6 3. Bc4 Bc5 4. b4 Bxb4 5. c3 Ba5 6. d4 exd4 7. O-O d6 8. Qb3
Qe7 9. cxd4 Bb6 10. Bb5 Bd7 11. Bxc6 Bxc6 12. a4 a5 13. Re1 Nh6 14. Bg5 f6 15.
Bxh6 gxh6 16. d5 Bd7 17. Na3 Rg8 18. Nc4 Ra6 19. e5 fxe5 20. Nfxe5 Bxf2+ 21.
Kxf2 Qh4+ 22. Kf1 dxe5 23. Nxe5 Kd8 24. d6 Rf8+ 25. Kg1 Rxd6 26. Nf7+ Kc8 27.
Nxd6+ cxd6 28. Rac1+ Kb8 29. Qb6 Bc6 30. Rb1 Qc4 31. Rec1 Qe2 32. Rxc6 Rf7 33.
Qd4 Re7 34. Qxd6+ Ka7 35. Qc5+ 1-0

[Event "CYCC U16"]
[Site "Calgary CAN"]
[Date "2023.07.20"]
[Round "3.37"]
[White "Emritte, Rayyan"]
[Black "Lu, Kevin"]
[Result "0-1"]
[WhiteElo "1029"]
[BlackElo "1463"]
[PlyCount "72"]
[EventDate "2023.07.19"]
[EventType "swiss"]
[EventRounds "7"]
[EventCountry "CAN"]

1. e4 c5 2. Nc3 e6 3. f4 Nc6 4. Bc4 Nge7 5. Nf3 d5 6. Bb5 a6 7. Bxc6+ Nxc6 8.
d4 dxe4 9. Nxe4 Nxd4 10. Be3 Nxf3+ 11. gxf3 Qc7 12. Qe2 Bd7 13. O-O-O f5 14.
Ng3 Be7 15. Rhe1 O-O-O 16. Bd2 g6 17. c4 Bf6 18. Qf2 Bd4 19. Be3 Bxe3+ 20. Qxe3
Rhe8 21. Qe5 b6 22. Qxc7+ Kxc7 23. a3 Bc6 24. Re3 Rxd1+ 25. Kxd1 Rd8+ 26. Kc2
Kd6 27. b4 cxb4 28. axb4 Ke7 29. h4 Rd4 30. b5 Rxc4+ 31. Kb3 Bxb5 32. Ne2 Rc5
33. Nd4 Bc4+ 34. Ka3 Bd5 35. Re5 Rc3+ 36. Kb4 Rc4+ 0-1

[Event "CYCC U16"]
[Site "Calgary CAN"]
[Date "2023.07.20"]
[Round "3.38"]
[White "Wadhwa, Gunraj"]
[Black "McBain, Robert"]
[Result "0-1"]
[WhiteElo "466"]
[BlackElo "1399"]
[PlyCount "76"]
[EventDate "2023.07.19"]
[EventType "swiss"]
[EventRounds "7"]
[EventCountry "CAN"]

1. e4 e6 2. Nf3 d5 3. exd5 exd5 4. d4 Nc6 5. Nc3 Bg4 6. Be2 Qd7 7. O-O O-O-O 8.
h3 Be6 9. Ng5 Bf5 10. Bg4 Bxg4 11. Qxg4 Qxg4 12. hxg4 Rd7 13. Be3 h6 14. Nf3
Bb4 15. Bd2 Nf6 16. a3 Bxc3 17. Bxc3 Nxg4 18. Rfe1 Kd8 19. Ne5 Ngxe5 20. dxe5
d4 21. Bd2 Re8 22. f4 h5 23. Kh2 Re6 24. b4 Ne7 25. Kh3 Nf5 26. g4 hxg4+ 27.
Kxg4 Nh6+ 28. Kg5 Rg6+ 29. Kh5 Rg2 30. Rad1 Rh2+ 31. Kg5 Rg2+ 32. Kh5 Ke7 33.
Bc1 Rxc2 34. Kg5 Rg2+ 35. Kh5 Rd8 36. Rg1 g6+ 37. Kxh6 Rh8+ 38. Kg7 Rgh2 0-1

[Event "CYCC U16"]
[Site "Calgary CAN"]
[Date "2023.07.20"]
[Round "3.39"]
[White "Gao, Sean"]
[Black "Yim, Warren"]
[Result "1-0"]
[WhiteElo "1172"]
[BlackElo "739"]
[PlyCount "151"]
[EventDate "2023.07.19"]
[EventType "swiss"]
[EventRounds "7"]
[EventCountry "CAN"]

1. e4 e5 2. Nf3 Nc6 3. Bc4 Bc5 4. d3 Nf6 5. Bg5 h6 6. Bh4 g5 7. Bg3 d6 8. h3 g4
9. hxg4 Bxg4 10. Bh4 Nd4 11. Nc3 Nxf3+ 12. gxf3 Be6 13. Bxe6 fxe6 14. Rg1 Rf8
15. Rg6 h5 16. Qd2 d5 17. Qh6 Be7 18. Rg7 d4 19. Qg6+ Kd7 20. Bxf6 Re8 21. Ne2
Kc8 22. Bxe5 c5 23. Qxe6+ Qd7 24. Qxd7+ Kxd7 25. Bf6 Ke6 26. Bxe7 Rxe7 27. Nf4+
Kd6 28. Rxe7 Kxe7 29. Nxh5 Rh8 30. Ng3 b5 31. O-O-O a5 32. Rh1 Rd8 33. Nf5+ Kd7
34. Rh7+ Kc6 35. e5 Kd5 36. Ne7+ Ke6 37. Nc6 Rd5 38. Rh6+ Kd7 39. Rd6+ Rxd6 40.
exd6 Kxc6 41. Kd2 Kxd6 42. c3 Ke5 43. a3 Kf4 44. Ke2 b4 45. cxd4 cxd4 46. axb4
axb4 47. b3 Kf5 48. Kf1 Kf4 49. Kg2 Kg5 50. Kg3 Kf5 51. f4 Kf6 52. Kg4 Kg6 53.
f5+ Kf6 54. Kf4 Kf7 55. Ke5 Ke7 56. Kxd4 Kf6 57. Kc4 Kxf5 58. Kxb4 Kf4 59. Kc5
Kf3 60. b4 Kxf2 61. b5 Ke2 62. b6 Kxd3 63. b7 Kc3 64. b8=Q Kd3 65. Qb4 Ke3 66.
Qc4 Kf3 67. Qd4 Kg3 68. Qe4 Kf2 69. Qd3 Kg2 70. Qe3 Kh2 71. Qg5 Kh3 72. Kd4 Kh2
73. Qg4 Kh1 74. Ke3 Kh2 75. Kf2 Kh1 76. Qh5# 1-0

[Event "CYCC U16"]
[Site "Calgary CAN"]
[Date "2023.07.20"]
[Round "4.15"]
[White "Xu, Daniel"]
[Black "Song, Ethan"]
[Result "1-0"]
[WhiteElo "2377"]
[BlackElo "2255"]
[PlyCount "89"]
[EventDate "2023.07.19"]
[EventType "swiss"]
[EventRounds "7"]
[EventCountry "CAN"]

1. e4 c6 2. d4 d5 3. exd5 cxd5 4. c4 Nf6 5. Nc3 Nc6 6. Bg5 Be6 7. a3 g6 8. Bxf6
exf6 9. c5 Bg7 10. Bb5 O-O 11. Nge2 Ne7 12. O-O a6 13. Ba4 Qc7 14. b4 h5 15.
Bb3 Rad8 16. h3 Nf5 17. Qd3 Bh6 18. a4 Nh4 19. b5 a5 20. b6 Qc8 21. Nb5 Qd7 22.
Nc7 Nf5 23. Nc3 Ne7 24. Qf3 Bg7 25. Rfd1 Qc6 26. N3b5 Nf5 27. Qc3 g5 28. Qxa5
Nh4 29. Qc3 g4 30. hxg4 Bxg4 31. Re1 f5 32. Qg3 Ng6 33. f3 f4 34. Qh2 Bxd4+ 35.
Nxd4 Qxc5 36. Rad1 Qxb6 37. fxg4 hxg4 38. Nxd5 Rxd5 39. Bxd5 Kg7 40. Qh5 g3 41.
Bxf7 Rxf7 42. Re6 Qb2 43. Rxg6+ Kf8 44. Ne6+ Ke7 45. Qc5+ 1-0

[Event "CYCC U16"]
[Site "Calgary CAN"]
[Date "2023.07.20"]
[Round "4.16"]
[White "Jiang, Kate"]
[Black "Chen, Max"]
[Result "0-1"]
[WhiteElo "2214"]
[BlackElo "2341"]
[PlyCount "118"]
[EventDate "2023.07.19"]
[EventType "swiss"]
[EventRounds "7"]
[EventCountry "CAN"]

1. e4 e5 2. Bc4 Nc6 3. d3 Bc5 4. Nf3 Nf6 5. c3 O-O 6. h3 a6 7. Bg5 Re8 8. b4
Bf8 9. Qb3 Qe7 10. a4 d6 11. O-O h6 12. Bh4 g5 13. Bg3 Bg7 14. Nbd2 Nh5 15.
Rad1 Be6 16. a5 Nf4 17. Qc2 Kh8 18. Rfe1 f5 19. Bxe6 Qxe6 20. Nf1 Qf7 21. Ne3
fxe4 22. dxe4 Nxh3+ 23. Kh2 Nf4 24. Rh1 Kg8 25. Kg1 Ne7 26. c4 Rf8 27. c5 Nxg2
28. Nxg2 Qxf3 29. cxd6 cxd6 30. Ne1 Qf7 31. Rxd6 Nc6 32. Nd3 Rad8 33. Rxd8 Rxd8
34. Qc3 Qf3 35. Qc4+ Kh7 36. Ne1 Qd1 37. Kg2 Qd4 38. Qxd4 Rxd4 39. Nf3 Rxb4 40.
Nxg5+ Kg6 41. Ne6 Rxe4 42. Rb1 Nxa5 43. Nc5 Rc4 44. Nxb7 Nxb7 45. Rxb7 Ra4 46.
f3 Bf6 47. Rb6 Ra2+ 48. Kh3 Kf5 49. Bh4 Bxh4 50. Kxh4 Ra3 51. Rxh6 Rxf3 52.
Rxa6 e4 53. Ra8 Kf4 54. Rg8 Rf2 55. Rg4+ Kf3 56. Rg3+ Ke2 57. Rg1 Rf8 58. Rg4
Kf3 59. Rg1 Rh8+ 0-1

[Event "CYCC U16"]
[Site "Calgary CAN"]
[Date "2023.07.20"]
[Round "4.17"]
[White "Huang, Youhe"]
[Black "Lin, Leo"]
[Result "1/2-1/2"]
[WhiteElo "2285"]
[BlackElo "2212"]
[PlyCount "67"]
[EventDate "2023.07.19"]
[EventType "swiss"]
[EventRounds "7"]
[EventCountry "CAN"]

1. d4 d6 2. c4 e5 3. e3 Nf6 4. Nc3 Be7 5. Nf3 Nbd7 6. Be2 O-O 7. Qc2 c6 8. O-O
a6 9. a4 a5 10. b3 Qc7 11. Ba3 Re8 12. Rac1 Nf8 13. d5 Bg4 14. Ng5 Bxe2 15.
Qxe2 c5 16. Qf3 Qd7 17. Nce4 Ng6 18. Bb2 Rf8 19. Nxf6+ Bxf6 20. Ne4 Be7 21. Qh5
f5 22. Qh3 Qe8 23. Ng3 Qf7 24. f4 exf4 25. Nh5 fxe3 26. Nxg7 f4 27. Rce1 Bf6
28. Nf5 Kh8 29. Nxd6 Qe7 30. Nf5 Qf7 31. Nh6 Qg7 32. Nf5 Qf7 33. Nh6 Qg7 34.
Nf5 1/2-1/2

[Event "CYCC U16"]
[Site "Calgary CAN"]
[Date "2023.07.20"]
[Round "4.18"]
[White "Srinivasan, Hemant"]
[Black "Liu, Henry"]
[Result "1-0"]
[WhiteElo "2200"]
[BlackElo "2180"]
[PlyCount "71"]
[EventDate "2023.07.19"]
[EventType "swiss"]
[EventRounds "7"]
[EventCountry "CAN"]

1. d4 d5 2. c4 e6 3. Nc3 Nf6 4. cxd5 exd5 5. Bg5 Nbd7 6. e3 Be7 7. Bd3 c6 8.
Nge2 Nf8 9. O-O Bg4 10. Qb3 Qd7 11. f3 Be6 12. f4 Bg4 13. Ng3 Nh5 14. Nxh5 Bxh5
15. Bxe7 Qxe7 16. e4 dxe4 17. Rae1 e3 18. d5 Ng6 19. d6 Qxd6 20. Rxe3+ Ne7 21.
Qxb7 Rd8 22. Rfe1 O-O 23. Qxe7 Qxe7 24. Rxe7 Rxd3 25. R1e5 Bg4 26. Rxa7 Rb8 27.
Ree7 Be6 28. Rab7 Rbd8 29. a4 R3d4 30. f5 Bc4 31. Re4 c5 32. Rc7 Bd3 33. Ree7
Rf4 34. g3 Rxf5 35. Rcd7 Kf8 36. Rxf7+ 1-0

[Event "CYCC U16"]
[Site "Calgary CAN"]
[Date "2023.07.20"]
[Round "4.19"]
[White "Srinivas, Atharva"]
[Black "Zhu, Matthew"]
[Result "0-1"]
[WhiteElo "1791"]
[BlackElo "2200"]
[PlyCount "140"]
[EventDate "2023.07.19"]
[EventType "swiss"]
[EventRounds "7"]
[EventCountry "CAN"]

1. e4 c5 2. Nc3 d6 3. f4 g6 4. Nf3 Bg7 5. g3 Nc6 6. Bg2 e6 7. d3 Nge7 8. O-O
O-O 9. Re1 Rb8 10. Kh1 b5 11. e5 d5 12. d4 b4 13. Ne2 c4 14. b3 a5 15. g4 a4
16. bxa4 Qa5 17. c3 bxc3 18. Ba3 Nb4 19. Bxb4 Rxb4 20. Nxc3 Bd7 21. Qc2 Bxa4
22. Nxa4 Rxa4 23. Re3 Rb8 24. Ne1 Nc6 25. Nf3 Rab4 26. a3 Rb2 27. Qc1 Qa4 28.
Rc3 Qa7 29. Qd1 Na5 30. Rc2 Rxc2 31. Qxc2 Nb3 32. Rb1 Qxa3 33. f5 Ra8 34. h4
Qa7 35. fxe6 fxe6 36. Qc3 Rf8 37. Qe3 h6 38. Rd1 Qe7 39. Nd2 Nxd2 40. Qxd2 Qc7
41. Qe1 g5 42. h5 Rf4 43. Qe2 Qa7 44. Qe3 Qf7 45. Qe2 Rf2 46. Qe3 Qf4 47. Qxf4
Rxf4 48. Bh3 Rf2 49. Kg1 Rb2 50. Bf1 Bf8 51. Rc1 Rd2 52. Bxc4 dxc4 53. Rxc4
Rxd4 54. Rc6 Rxg4+ 55. Kf2 Kf7 56. Ra6 Rh4 57. Kf3 Rxh5 58. Ra7+ Be7 59. Ra8
Rh3+ 60. Kg4 Rh4+ 61. Kf3 Rf4+ 62. Kg3 Re4 63. Ra5 Rxe5 64. Ra1 h5 65. Rh1 Kg6
66. Rf1 Re3+ 67. Kh2 Re2+ 68. Kh3 g4+ 69. Kg3 Bd6+ 70. Rf4 Re3+ 0-1

[Event "CYCC U16"]
[Site "Calgary CAN"]
[Date "2023.07.20"]
[Round "4.20"]
[White "Sharma, Vishruth"]
[Black "Cheng, Adrien"]
[Result "1-0"]
[WhiteElo "2198"]
[BlackElo "1601"]
[PlyCount "77"]
[EventDate "2023.07.19"]
[EventType "swiss"]
[EventRounds "7"]
[EventCountry "CAN"]

1. e4 e5 2. Nf3 Nc6 3. Bb5 a6 4. Ba4 b5 5. Bb3 Bc5 6. O-O d6 7. c3 Bb6 8. d4
Bg4 9. Bd5 Nge7 10. Bxf7+ Kxf7 11. Ng5+ Ke8 12. Qxg4 Qd7 13. Ne6 Ng6 14. d5 Nd8
15. h4 Rg8 16. h5 Nf8 17. a4 bxa4 18. Qd1 Nfxe6 19. dxe6 Nxe6 20. Rxa4 Rf8 21.
b4 Nf4 22. Bxf4 Rxf4 23. Nd2 Qf7 24. Qe2 Rh4 25. g3 Rxh5 26. Nc4 Ba7 27. Rxa6
Qg6 28. Nxd6+ cxd6 29. Qb5+ Ke7 30. Qb7+ Ke6 31. Rxd6+ Kxd6 32. Rd1+ Ke6 33.
Qc6+ Ke7 34. Rd7+ Ke8 35. Rd6+ Ke7 36. Rd7+ Ke8 37. Rd6+ Ke7 38. Rxg6 Bxf2+ 39.
Kg2 1-0

[Event "CYCC U16"]
[Site "Calgary CAN"]
[Date "2023.07.20"]
[Round "4.21"]
[White "He, Matthew"]
[Black "Hambardzumyan, Narek"]
[Result "1-0"]
[WhiteElo "2140"]
[BlackElo "1221"]
[PlyCount "67"]
[EventDate "2023.07.19"]
[EventType "swiss"]
[EventRounds "7"]
[EventCountry "CAN"]

1. d4 Nf6 2. c4 g6 3. Nc3 d5 4. cxd5 Nxd5 5. Bd2 Bg7 6. e4 Nxc3 7. Bxc3 Nd7 8.
Bc4 O-O 9. Nf3 c5 10. d5 Bxc3+ 11. bxc3 Qc7 12. O-O Ne5 13. Nxe5 Qxe5 14. Qd3
Rd8 15. f4 Qc7 16. e5 a6 17. a4 Rb8 18. a5 Kg7 19. h3 h5 20. Qe2 Rh8 21. Rfb1
Bf5 22. Rb6 Rbd8 23. Re1 Rhe8 24. g4 hxg4 25. hxg4 Bc8 26. Qf3 Rh8 27. f5 gxf5
28. gxf5 Rdg8 29. Rg6+ fxg6 30. f6+ Kf8 31. fxe7+ Ke8 32. d6 Qc6 33. Qf7+ Kd7
34. e8=Q# 1-0